[Event "ARG-ch sf 93rd"]
[Site "Buenos Aires"]
[Date "2018.05.23"]
[Round "5"]
[White "Galleto, Ricardo"]
[Black "Soria, Angel"]
[Result "1-0"]
[WhiteElo "1984"]
[BlackElo "1839"]
[PlyCount "95"]
[EventDate "2018.05.19"]
[EventType "swiss"]
[EventRounds "9"]
[EventCountry "ARG"]
[SourceTitle "CBM 184 Extra"]
[Source "ChessBase"]
[SourceDate "2018.06.28"]
[SourceVersion "1"]
[SourceVersionDate "2018.06.28"]
[SourceQuality "1"]

1. Nf3 e6 2. e4 d5 3. e5 c5 4. d4 Nc6 5. Bd3 cxd4 6. 0-0 Bc5 7. a3 Nge7 8. Bf4 Ng6 9. Bg3 a5 10. h4 Nge7 11. Nbd2 h6 12. Nh2 g6 13. Ng4 Nf5 14. Nf6+ Kf8 15. Bxf5 gxf5 16. Nf3 b6 17. Re1 Ba6 18. Qd2 Be7 19. Nh5 Rc8 20. Bf4 Bxh4 21. Bxh6+ Ke8 22. Qf4 Be7 23. Nf6+ Bxf6 24. exf6 Qxf6 25. Bg5 Qg6 26. Nh4 Qh5 27. Qxf5 Kd7 28. Qf6 Rcg8 29. f4 Bc8 30. Nf3 Kc7 31. b4 Rh7 32. Ne5 a4 33. b5 Nxe5 34. Qxe5+ Kb7 35. Qf6 Bd7 36. Qxd4 Rg6 37. Kf2 Qg4 38. Re5 Rh2 39. Rg1 Bxb5 40. Qb4 Bc6 41. Qe7+ Ka6 42. Qxf7 d4 43. Qxg6 Bxg2 44. Qd3+ Ka7 45. Qg3 Be4+ 46. Qxh2 Qf3+ 47. Ke1 Bxc2 48. Qd2 1-0

[Event "ARG-ch sf 93rd"]
[Site "Buenos Aires"]
[Date "2018.05.21"]
[Round "3"]
[White "Galleto, Ricardo"]
[Black "Valente, Hector Manuel"]
[Result "1-0"]
[WhiteElo "1984"]
[BlackElo "1730"]
[PlyCount "67"]
[EventDate "2018.05.19"]
[EventType "swiss"]
[EventRounds "9"]
[EventCountry "ARG"]
[SourceTitle "CBM 184 Extra"]
[Source "ChessBase"]
[SourceDate "2018.06.28"]
[SourceVersion "1"]
[SourceVersionDate "2018.06.28"]
[SourceQuality "1"]

1. e4 e6 2. d4 d5 3. e5 c5 4. Nf3 cxd4 5. Bd3 Nc6 6. a3 Nge7 7. Bf4 Ng6 8. Bg3 Bd7 9. 0-0 Be7 10. Nbd2 Nh4 11. Nxh4 Bxh4 12. Nf3 Be7 13. b4 a6 14. h4 h5 15. Qd2 g6 16. Qf4 Bf8 17. Ng5 Qe7 18. Qd2 Bh6 19. Bf4 Qf8 20. Rfe1 Ne7 21. a4 Nf5 22. Bxf5 gxf5 23. Qxd4 Qe7 24. Qb6 Rb8 25. Re3 Qd8 26. Qd4 Bc6 27. Rc3 Qd7 28. Qb6 d4 29. Rd1 dxc3 30. Rxd7 Kxd7 31. b5 axb5 32. axb5 Bd5 33. Qd6+ Kc8 34. b6 1-0

[Event "Latin Cup-A 6th"]
[Site "Buenos Aires"]
[Date "2015.03.19"]
[Round "1"]
[White "Galleto, Ricardo"]
[Black "Molina, Roberto Junio Brito"]
[Result "0-1"]
[WhiteElo "1986"]
[BlackElo "2431"]
[PlyCount "52"]
[EventDate "2015.03.19"]
[EventType "swiss"]
[EventRounds "9"]
[EventCountry "ARG"]
[SourceTitle "CBM 165 Extra"]
[Source "ChessBase"]
[SourceDate "2015.04.21"]
[SourceVersion "1"]
[SourceVersionDate "2015.04.21"]
[SourceQuality "1"]

1. e4 c5 2. Nc3 e6 3. f4 Nc6 4. Nf3 a6 5. a4 d5 6. e5 Nh6 7. Be2 Be7 8. 0-0 0-0 9. d3 Nf5 10. Qe1 f6 11. g4 Nfd4 12. exf6 Bxf6 13. Bd1 Nxf3+ 14. Rxf3 Qd6 15. Rh3 g6 16. Qg3 Bd7 17. Ne2 Rae8 18. c3 Rf7 19. Bd2 e5 20. Qg2 exf4 21. Bxf4 Be5 22. Bxe5 Nxe5 23. Rg3 Ref8 24. Nc1 d4 25. Be2 Bc6 26. Qh3 Qd5 0-1

[Event "ARG-ch 87th"]
[Site "Villa Martelli"]
[Date "2013.04.03"]
[Round "1"]
[White "Galleto, Ricardo"]
[Black "Mahia, Gustavo"]
[Result "0-1"]
[WhiteElo "2014"]
[BlackElo "2371"]
[PlyCount "62"]
[EventDate "2013.04.03"]
[EventType "swiss"]
[EventRounds "11"]
[EventCountry "ARG"]
[SourceTitle "CBM 153 Extra"]
[Source "ChessBase"]
[SourceDate "2013.04.22"]
[SourceVersion "1"]
[SourceVersionDate "2013.04.22"]
[SourceQuality "1"]

1. e4 c6 2. d4 d5 3. e5 Bf5 4. g4 Be4 5. f3 Bg6 6. h4 h5 7. Bd3 Bxd3 8. Qxd3 e6 9. g5 Ne7 10. Ne2 Nd7 11. Be3 c5 12. c3 Qb6 13. b3 Nf5 14. Bf2 Rc8 15. 0-0 Be7 16. Nd2 cxd4 17. cxd4 0-0 18. Rfc1 Ba3 19. Rc2 Qa6 20. Qxa6 bxa6 21. Rxc8 Rxc8 22. Nf4 Bb2 23. Rd1 Bxd4 24. Nxh5 Nxe5 25. f4 Ng4 26. Bxd4 Nxd4 27. Ng3 Rc2 28. Ngf1 Rxa2 29. h5 Ne2+ 30. Kg2 Nxf4+ 31. Kf3 Nd3 0-1

[Event "Villa Martelli Pro Am op 16th"]
[Site "Villa Martelli"]
[Date "2009.10.23"]
[Round "8"]
[White "Godoy, Luciano"]
[Black "Galleto, Ricardo"]
[Result "1-0"]
[WhiteElo "2101"]
[BlackElo "2041"]
[PlyCount "81"]
[EventDate "2009.10.15"]
[EventType "swiss"]
[EventRounds "9"]
[EventCountry "ARG"]
[SourceTitle "CBM 132 Extra"]
[Source "ChessBase"]
[SourceDate "2009.11.03"]
[SourceVersion "1"]
[SourceVersionDate "2009.11.03"]
[SourceQuality "1"]

1. d4 d5 2. Nf3 Nc6 3. Bf4 Bg4 4. e3 Nf6 5. Be2 e6 6. 0-0 Ne4 7. Ne5 Bxe2 8. Qxe2 Nxe5 9. Bxe5 f6 10. Bg3 c6 11. Nc3 Nxc3 12. bxc3 h5 13. e4 h4 14. Bf4 Kf7 15. Rfe1 dxe4 16. Qxe4 Qd5 17. Rab1 b6 18. Qe2 g5 19. c4 Qf5 20. Bd2 Bd6 21. Qe4 Qxe4 22. Rxe4 Be7 23. a4 a6 24. Rbe1 Rhe8 25. g3 f5 26. R4e2 hxg3 27. hxg3 g4 28. Kg2 Bd6 29. f3 gxf3+ 30. Kxf3 Bf8 31. Bf4 Bg7 32. Be5 Bf6 33. Kf4 Rad8 34. c3 Be7 35. Rh1 Kg6 36. Bc7 Bd6+ 37. Bxd6 Rxd6 38. Reh2 Kf6 39. Rh6+ Ke7 40. Ke5 Rd7 41. Rxe6+ 1-0

[Event "Villa Martelli Pro Am op 16th"]
[Site "Villa Martelli"]
[Date "2009.10.17"]
[Round "2"]
[White "Scarella, Enrique Alejandro"]
[Black "Galleto, Ricardo"]
[Result "1-0"]
[WhiteElo "2361"]
[BlackElo "2041"]
[PlyCount "125"]
[EventDate "2009.10.15"]
[EventType "swiss"]
[EventRounds "9"]
[EventCountry "ARG"]
[SourceTitle "CBM 132 Extra"]
[Source "ChessBase"]
[SourceDate "2009.11.03"]
[SourceVersion "1"]
[SourceVersionDate "2009.11.03"]
[SourceQuality "1"]

1. Nf3 g6 2. e4 Bg7 3. d4 d6 4. Be2 Nf6 5. Nc3 0-0 6. 0-0 Nc6 7. d5 Nb8 8. Bg5 h6 9. Bf4 Nh5 10. Be3 e5 11. dxe6 fxe6 12. Qd2 Kh7 13. e5 dxe5 14. Qxd8 Rxd8 15. Rfd1 Bd7 16. Ne4 b6 17. Bc4 Re8 18. g3 Bc6 19. Bd3 Nf6 20. Nfd2 Nbd7 21. h4 Nxe4 22. Bxe4 Bxe4 23. Nxe4 Rad8 24. Kg2 Nf6 25. Kf3 Nd5 26. a3 Rf8+ 27. Ke2 Nf6 28. f3 Nxe4 29. fxe4 Bf6 30. a4 Rxd1 31. Rxd1 Rd8 32. Rf1 Rf8 33. a5 Be7 34. Rxf8 Bxf8 35. Kd3 Kg8 36. Kc4 Kf7 37. Kb5 Ke8 38. Kc6 Kd8 39. a6 Kc8 40. c3 h5 41. b4 Bg7 42. Bg5 Bh8 43. c4 Bg7 44. Bd2 Bf8 45. Bc3 Bg7 46. b5 Bf6 47. Bb2 Bg7 48. Ba3 Bh6 49. Bb2 Bg7 50. Bc3 Bf6 51. Bb4 g5 52. hxg5 Bxg5 53. c5 Be3 54. cxb6 cxb6 55. Bd6 Bd4 56. Bc7 Bf2 57. Bxe5 Bc5 58. Bf4 Be7 59. Be3 Bd8 60. Bd4 Be7 61. e5 Bf8 62. Bxb6 axb6 63. Kxb6 1-0